| 000 | 00687nam a2200229 a 4500 | ||
|---|---|---|---|
| 001 | 000005340 | ||
| 005 | 20200929151640.0 | ||
| 008 | 090819s1997 sp 001 0 spa d | ||
| 020 | _a8400076664 | ||
| 040 |
_aDO-SdBNP _bspa _cBNPHU |
||
| 082 |
_axxxx _bG216n |
||
| 100 | 1 |
_aGarcía, Abad _915144 |
|
| 245 | 1 | 3 |
_aLa novela cómica / _cTeresa García, Abad García. |
| 260 |
_aMadrid, España : _bCSIC, _c1997. |
||
| 300 |
_a289 p. ; _c22 cm. |
||
| 490 | 1 |
_aLiteratura breve _v3 |
|
| 500 | _aIncluye índices | ||
| 504 | _aIncluye referencias bibliográficas y notas al pie de las páginas | ||
| 700 | 1 |
_aGarcía, Abad _915144 |
|
| 830 | 0 |
_aLiteratura breve _n3 _915145 |
|
| 049 | _aBNPD | ||
| 999 |
_c5141 _d5141 |
||